| 000 | 00348nam a2200145Ia 4500 | ||
|---|---|---|---|
| 008 | 150201s2008 xx 000 0 und d | ||
| 082 |
_a617.6 _bD1994D |
||
| 100 | _aDORLAND | ||
| 245 | _aDORLANDS DENTISTRY SPELLER | ||
| 250 | _a1ST | ||
| 260 |
_bSAUNDERS _aPHILADELPHIA _c2008 |
||
| 300 | _a1-175 | ||
| 650 | _aGENERAL DENTISTRY | ||
| 942 |
_2ddc _cBK |
||
| 999 |
_c3850 _d3850 |
||